Lucy Dacus - Best Guess (Lyrics) - Statistics

General Stats
  • This quiz has been taken 40 times
  • The average score is 206 of 238
Answer Stats
Answer % Correct
a
100%
are
100%
be
100%
best
100%
guess
100%
my
100%
the
100%
you
100%
You
100%
at
95%
future
95%
I
95%
were
95%
an
90%
before
90%
day
90%
friend
90%
am
86%
and
86%
And
86%
bet
86%
But
86%
but
86%
If
86%
is
86%
all
81%
for
81%
gambling
81%
Here
81%
it
81%
it's
81%
man
81%
not
81%
on
81%
pack
81%
you'd
81%
angel
76%
church
76%
found
76%
from
76%
girl
76%
looking
76%
may
76%
only
76%
steeple
76%
that
76%
your
76%
after
71%
After
71%
body
71%
goes
71%
just
71%
love
71%
mine
71%
people
71%
place
71%
small
71%
So
71%
They
71%
way
71%
will
71%
world
71%
don't
67%
fall
67%
favorite
67%
grace
67%
graceful
67%
mind
67%
saints
67%
want
67%
change
62%
Clasping
62%
dress
62%
Hands
62%
I'll
62%
neck
62%
necklace
62%
out
62%
this
62%
wanna
62%
watched
62%
Zipping
62%
Ain't
57%
doesn't
57%
fine
57%
Kissing
57%
lines
57%
lose
57%
tan
57%
waist
57%
work
57%
Tracing
52%
while
52%
Making
48%
No matching quizzes found
Score Distribution
Percent of People with Each Score
Percentile by Number Answered
Your Score History
You have not taken this quiz